Zasidala Prezydija CK KSUT

Bibliographic Details
Format: Article
Language:Ukrainian
Subjects:

MARC

LEADER 00000nab a2200000 a 4500
001 vtls000348406
003 SK-MaSNL
005 20260319075021.0
008 111201c1988 xo 0 ukr
015 |a SNBRB19rr/mm-uuuuu 
035 |a CL0348528 
040 |a SNKBUCL  |b slo  |c SNKBUCL  |e AACR2 
041 0 |a ukr 
044 |a xo  |c SK 
080 |a 374:061.2(437=83)  |2 1981 
080 |a 061.2(437=83)  |2 1981 
245 0 0 |a Zasidala Prezydija CK KSUT 
610 2 7 |a Kultúrny zväz ukrajinských pracujúcich (Slovensko)  |2 snkbucl  |9 89421 
651 7 |a Prešov (Slovensko)  |2 snkbucl  |9 17347 
655 7 |a články z novín a časopisov  |2 snkbucl  |9 267496 
773 0 |t Nove žyttja  |g Roč. 38, č. 50 (1988), s. 1 
850 |a Slovenská národná knižnica v Martine  |a MTA001 
852 |a SNK  |b KIS3GCP 
992 |a RBX 
999 |c 1518656  |d 1520586